Представление документа в формате RUSMARC

Поле Инд. ПП Название Значение
Тип записи a
Библиографический уровень a
001 Контрольный номер 8bb4238f72e146d4ac776d053cf63f03
005 Дата корректировки 20181120134551.2
100 a Данные общей обработки 20180910 ||| 0rusy0189 ca
101 0_ a Язык текста rus
102 a Страна публикации RU
200 1_ f Первые сведения об ответственности Р.А. Ниматулаева, А.А. Магомедова
a Заглавие Некоторые аспекты взаимодействия органов исполнительной и законодательной власти субъектов Российской Федерации
b Общее обозначение материала Электронный ресурс
210 d Дата издания 2018
461 _0 1 2000
a Закон и право
463 _0 1 2000
a №7
v С. 36-38
1 2101
d 2018
1 001b8a5a39af1b24267bb2eb63b09745d65
606 a Основная рубрика Конституционное (государственное) право
610 0_ a Ключевые слова СУБЪЕКТЫ РФ
a Ключевые слова ЗАКОНОДАТЕЛЬНАЯ ВЛАСТЬ
a Ключевые слова ИСПОЛНИТЕЛЬНАЯ ВЛАСТЬ
700 _1 a Фамилия Ниматулаева
b Имя Р.А.
701 _1 a Фамилия Магомедова
b Имя А.А.
801 _0 a Страна RU
b Организация РГУП
c Дата составления 20180910
g Правила каталогизации PSBO
801 _1 a Страна RU
b Организация РГУП
c Дата составления 20180910
g Правила каталогизации PSBO
901 t Тип документа b
w Контрольный № источника b8a5a39af1b24267bb2eb63b09745d65
905 a Дата ввода 20180910